000 00611nam a2200217 i 4500
001 bg
100 1 _aKUBISA, Stefan
245 1 0 _aPodstawy metrologii /
_cStefan Kubisa ; Politechnika Szczecińska. Wydział Elektryczny.
260 _aSzczecin :
_bWydaw. Uczelniane PS,
_c1995.
300 _a166, [1] s. :
_brys., wykr. ;
_c24 cm.
504 _aBibliogr. s. [167].
650 9 _aPomiary
655 _aPodręczniki akademickie
020 _a8386359625
040 _cBPK
041 0 _apl
080 _a389(075.8)
920 _a83-86359-62-5
942 _cKS
008 s pl f |000 0 pol
999 _c24995
_d24995
856 _uhttp://koha.tu.koszalin.pl/cgi-bin/koha/opac-detail.pl?biblionumber=24995
_yKatalog online BPK